| 000 | 00455cam a2200181ua 4500 | ||
|---|---|---|---|
| 001 | 1518 | ||
| 008 | 110711n ii |||gr||||Z||||||eng | ||
| 040 | _cMAIN | ||
| 082 | _a338.9 | ||
| 100 | _aGupta, K R., | ||
| 245 | 1 |
_aEconomics of developement and planning. _cBy K R Gupta. |
|
| 250 | _a3rd. | ||
| 260 |
_aNew Delhi.: _bAtma Ram sons.,977. |
||
| 300 |
_a598 p.: _c23 cm. |
||
| 653 | _aEconomics. | ||
| 653 | _aDevelopement and planning. | ||
| 942 | _cBK | ||
| 999 |
_c1407 _d1407 |
||